| 000 | 00000nam##2200000za#4500 |
| 001 | 9.608397 |
| 003 | CaOODSP |
| 005 | 20230801131727 |
| 007 | cr ||||||||||| |
| 008 | 150406|2011||||xxc|||||o f|0| 0 fre|d |
| 040 | |aCaOODSP|bfre |
| 043 | |an-cn--- |
| 086 | 1 |aPS83-5/R251F-PDF |
| 110 | 2 |aService correctionnel Canada. |bDirection de la recherche. |
| 245 | 10|aAnalyse descriptive de l'automutilation chez les femmes purgeant une peine de ressort fédéral / |h[ressource électronique]|cpréparé par : Amelia Usher. |
| 260 | |aOttawa - Ontario : |bService correctionnel Canada. |cAoût 2011. |
| 300 | |a1p. |
| 490 | 1 |aRecherche en un coup d'oeil|vR-251 |
| 590 | |a15-05-Supp|b2015-03-31 |
| 691 | 07|aDétenu|2gcpds |
| 691 | 07|aSuicide|2gcpds |
| 775 | 08|tA descriptive analysis of self-injurious behaviour in federally sentenced women / |w(CaOODSP)9.581628 |
| 830 | #0|aRecherche en un coup d'œil (Service correctionnel Canada)|vR-251|w(CaOODSP)9.503037 |
| 856 | 40|ahttp://publications.gc.ca|qPDF|s92 Ko|uhttps://publications.gc.ca/collections/collection_2015/scc-csc/PS83-5-R251-fra.pdf|yR-251 |